000 00444nam a2200169 i 4500
001 bg
100 1 _aBIAŁYNICKI-BIRULA, Andrzej
_d(1935- ).
245 0 _aZarys algebry /
_cA. Białynicki-Birula.
260 _aWarszawa,
_c1987.
490 1 _aBiblioteka Matematyczna ;
_vT. 63
830 _aBiblioteka Matematyczna ;
040 _cBPK
041 _apol
080 _a512(075.8)
942 _cKS
008 s pl f |000 0 pol
999 _c23553
_d23553
856 _uhttp://koha.tu.koszalin.pl/cgi-bin/koha/opac-detail.pl?biblionumber=23553
_yKatalog online BPK